Т. 1: Стихотворения, поэмы; Собрание сочинений

Bibliographic Details
Parent link:Собрание сочинений: в 2 т./ С. А. Есенин. Т. 1: Стихотворения, поэмы.— , 1990.— 5-268-00099-3
Language:Russian
Published: 1990
Subjects:
Format: Book
KOHA link:https://koha.lib.tpu.ru/cgi-bin/koha/opac-detail.pl?biblionumber=87736

MARC

LEADER 00000nam2a2200000 4500
001 87736
005 20231031102327.0
010 |a 5268001000 
035 |a (RuTPU)RU\TPU\book\94172 
035 |a RU\TPU\book\1188 
090 |a 87736 
100 |a 20051215d1990 m y0rusy50 ca 
101 0 |a rus 
102 |a RU 
105 |a y z 000gy 
200 0 |a Т. 1: Стихотворения, поэмы 
210 |d 1990 
215 |a 480 с. 
461 1 |0 (RuTPU)RU\TPU\book\94171  |y 5-268-00099-3  |t Собрание сочинений  |o в 2 т.  |f С. А. Есенин  |v Т. 1: Стихотворения, поэмы  |d 1990 
610 1 |a стихотворения 
610 1 |a поэмы 
610 1 |a русская литература 
675 |a Р2  |v 3 
801 0 |a RU  |b 63413507  |c 20011209  |g PSBO 
801 2 |a RU  |b 63413507  |c 20080403  |g PSBO 
942 |c BK